CPCS consults with industry (Record no. 78510)
[ view plain ]
| 000 -LEADER | |
|---|---|
| fixed length control field | 01190cab a22002175a 4500 |
| 001 - CONTROL NUMBER | |
| control field | L136958 |
| 008 - FIXED-LENGTH DATA ELEMENTS--GENERAL INFORMATION | |
| fixed length control field | 070306e2007 xxk 000 0 eng d |
| 035 ## - SYSTEM CONTROL NUMBER | |
| System control number | (Sirsi) u136958 |
| 041 0# - LANGUAGE CODE | |
| Language code of text/sound track or separate title | eng |
| 110 2# - MAIN ENTRY--CORPORATE NAME | |
| Corporate name or jurisdiction name as entry element | CITB-ConstructionSkills |
| 9 (RLIN) | 4992 |
| 245 ## - TITLE STATEMENT | |
| Title | CPCS consults with industry |
| Medium | [electronic resource] |
| 260 ## - PUBLICATION, DISTRIBUTION, ETC. | |
| Date of publication, distribution, etc. | 2007 |
| 490 #0 - SERIES STATEMENT | |
| Series statement | CITB-ConstructionSkills Press Release |
| Volume/sequential designation | 23 February 2007 |
| 520 ## - SUMMARY, ETC. | |
| Summary, etc. | A major review of the Construction Plant Competence Scheme (CPCS) has been launched to ensure the scheme is meeting the current needs of the industry. Key proposed changes include a new CPCS technical test for all entrants to the scheme, the health and safety test coming at the start of the qualification process, and removing age and experience criteria. The consultation period will run until May 2007 and revised plans for the scheme are likely to be unveiled between July and September 2007. |
| 590 ## - LOCAL NOTE (RLIN) | |
| Local note | KA |
| 650 24 - SUBJECT ADDED ENTRY--TOPICAL TERM | |
| Topical term or geographic name entry element | CONSTRUCTION PLANT COMPETENCE SCHEME |
| 651 #4 - SUBJECT ADDED ENTRY--GEOGRAPHIC NAME | |
| Geographic name | United Kingdom |
| Chronological subdivision | |
| 690 ## - LOCAL SUBJECT ADDED ENTRY--TOPICAL TERM (OCLC, RLIN) | |
| Topical term or geographic name as entry element | BUILT ENVIRONMENT |
| 856 40 - ELECTRONIC LOCATION AND ACCESS | |
| Uniform Resource Identifier | <a href="https://www.citb-constructionskills.co.uk/news">https://www.citb-constructionskills.co.uk/news</a> |
| Public note | View the item free of charge at www.citb-constructionskills.co.uk... |
| 942 ## - ADDED ENTRY ELEMENTS (KOHA) | |
| Suppress in OPAC | 0 |
| Withdrawn status | Lost status | Source of classification or shelving scheme | Damaged status | Not for loan | Home library | Current library | Shelving location | Date acquired | Total Checkouts | Full call number | Barcode | Date last seen | Copy number | Price effective from | Koha item type |
|---|---|---|---|---|---|---|---|---|---|---|---|---|---|---|---|
| Dewey Decimal Classification | Virtual | Virtual | Online | 06/03/2007 | ONLINE PUBLICATION | 136958-2001 | 06/08/2019 | 1 | 06/08/2019 | Journal article |